| 000 | 00598nam a22001937a 4500 | ||
|---|---|---|---|
| 005 | 20230303075430.0 | ||
| 008 | 230303b |||||||| |||| 00| 0 eng d | ||
| 020 | _a978-1-68095-931-4 | ||
| 082 | _a 371.3344678 T531 2018 | ||
| 110 |
_a3G E-Learning _eauthor |
||
| 245 |
_aSocial media and internet for teachers / _c3G E-Learning |
||
| 260 |
_aNew York: _b3G E-Learning, _cc2018 |
||
| 300 |
_a[v], 223p.: _bcol. ill. |
||
| 504 | _aIncludes index | ||
| 541 | _e6434 | ||
| 650 | _aInternet in education - Social aspects | ||
| 650 | _aEducational technology - Social aspects | ||
| 650 | _aSocial media | ||
| 999 |
_c1568 _d1568 |
||